00935nam a2200265Ia 4500001000900000003000500009005001700014008004100031010001100072020001900083040000900102082001500111100003800126245010300164260004500267300001100312503001400323650002500337901001500362902000600377905006300383942001500446999001900461952018900480dia_2527CHAP20240617140435.0220117s1997 xx 000 0 und d a173048 a84-291--7454-0 cCHAP a574.192 P3 aParés I Farras, Ramón9153083 aBioquímica de los Microorganismos /c por Ramón Parés I Farras y Antonio Juaréz Jiménez aBarcelona (España) :b Reverte,c1997 a380 p. aI. 209153 0aBioquímica9139215 a574.192 P3 aM a0000001997 SP X 0000000000SPA00 cLIBRO2ddc c173048d173048 00102ddc4051708GRALaIA_bIA_d2000-11-21eCompra Librería Patena F. 148777 / Res. 48235 (5-Dic-2000)g263.50i209153l0o574.192 P3pdia_5196r2022-01-18 00:00:00tEj. 1yLIBRO